Northeastern Compact : hearings before the United States House Committee on Public Works, Eighty-Sixth Congress, second session, on Mar. 30, 31, 1960.

Committee Serial No. 86-18. Considers identical bills H.R. 9999 and H.R. 10022, to approve a water and land resources compact for the northeastern U.S., creating the Northeastern Resources Commission to coordinate interstate water development projects, resolve conflicts, and propose changes in law o...

Full description

Bibliographic Details
Corporate Authors: United States. Congress. House. Committee on Public Works, ProQuest (Firm)
Format: Government Document eBook
Language:English
Published: Washington : U.S. G.P.O., 1960.
Series:U.S. Congressional Hearings.
Subjects:
Online Access:Connect to the full text of this electronic book

MARC

Tag First Indicator Second Indicator Subfields
LEADER 00000cam a22000001a 4500
001 in00003204321
006 m d f
007 cr bn mmmapmmp
008 090623s1960 dcu o f000 0 eng d
005 20260504160939.0
035 |a cis2007426448 
040 |a UMI  |c UMI  |d UtOrBLW 
043 |a n-us--- 
086 0 |a Y 4.P 96/11:86/18 
099 |a HRG-1960-PWH-0004 
110 1 |a United States.  |b Congress.  |b House.  |b Committee on Public Works. 
245 1 0 |a Northeastern Compact :  |b hearings before the United States House Committee on Public Works, Eighty-Sixth Congress, second session, on Mar. 30, 31, 1960. 
264 1 |a Washington :  |b U.S. G.P.O.,  |c 1960. 
300 |a 1 online resource. 
336 |a text  |b txt  |2 rdacontent 
337 |a computer  |b c  |2 rdamedia 
338 |a online resource  |b cr  |2 rdacarrier 
500 |a Record is based on bibliographic data in ProQuest Congressional Hearings Digital Collection. Reuse except for individual research requires license from ProQuest, LLC. 
520 |a Committee Serial No. 86-18. Considers identical bills H.R. 9999 and H.R. 10022, to approve a water and land resources compact for the northeastern U.S., creating the Northeastern Resources Commission to coordinate interstate water development projects, resolve conflicts, and propose changes in law or policy required by state and/or Federal Government to facilitate project development and maintenance. 
520 |a Considers (86) H.R. 9999, (86) H.R. 10022. 
538 |a System requirements: PDF reader software. 
500 |a Electronic resource. 
650 0 |a Water resources development  |x Law and legislation  |z Northeastern States. 
655 7 |a Electronic books.  |2 local 
710 2 |a ProQuest (Firm) 
776 0 8 |i Print version:  |a United States. Congress. House. Committee on Public Works.  |t Northeastern Compact 
776 0 8 |i Microfiche version:  |a United States. Congress. House. Committee on Public Works.  |t Northeastern Compact.  |d [Bethesda, Md.] : ProQuest,[2004]  |o CIS Hrgs MF Gp 3--(86) H1799-5  |w (ProQuest)cis10700491 
830 0 |a U.S. Congressional Hearings. 
856 4 0 |u http://proxy.library.tamu.edu/login?url=https://congressional.proquest.com/congcomp/getdoc?HEARING-ID=HRG-1960-PWH-0004  |z Connect to the full text of this electronic book  |t 0 
998 |a cis10700491 
999 |a MARS 
999 f f |s a1faa7a4-6c86-3b50-a870-4c9d0976d7b4  |i 1f0e27b7-a0c6-3c4a-bcdb-5edadaae30ad  |t 0 
952 f f |a Texas A&M University  |b College Station  |c Electronic Resources  |s www_evans  |d Available Online  |t 0  |e HRG-1960-PWH-0004  |h Other scheme 
998 f f |a HRG-1960-PWH-0004  |t 0  |l Available Online